MARC

LEADER 00000nam a2200000Ia 4500
001 21317
003 Arxiu
005 20260324180005.0
008 160829s2009 xx 000 0 cat d
080 |a FU-35-45 
110 1 |a Catalunya.  |t Llei 1/2008, de 20 de febrer, de contractes de conreu  |9 56106 
245 1 0 |a Llei 1/2008, del 20 de febrer, de contractes de conreu 
250 |a Ed. no venal 
260 |a Barcelona :  |b Parlament de Catalunya,  |c 2009 
300 |a 46 p. ;  |c 17 cm 
490 1 |a Textos legislatius ;  |v 71 
590 |a Títol a la coberta: Llei de contractes de conreu.  
590 |a A la portada: Aprovada pel Ple del Parlament (tramitació núm. 200-00006/08) en la sessió núm. 28, del 6 de febrer de 2008 (Diari de Sessions del Parlament de Catalunya, sèrie P, núm. 42/VIII); Publicada en el Butlletí Oficial del Parlament de Catalunya, núm. 216/VIII, del 20 de febrer de 2008; Promulgada el 20 de febrer de 2008 (Diari Oficial de la Generalitat de Catalunya, núm. 5082, del 3 de març de 2008). 
650 |a Agricultura  |x Dret i legislació  |x Catalunya  |x 2008  |9 43274 
710 1 |a Catalunya.  |b Parlament  |9 11492 
830 0 |9 56107  |a Textos legislatius (Catalunya. Parlament)  |v 71 
901 |a Arxiu 
942 |n 1  |2 udc  |c ARXIU 
952 |0 0  |1 0  |4 0  |6 FU3545  |7 1  |9 51309  |a Arxiu  |b Arxiu  |d 2016-12-01  |l 0  |o FU-35-45  |p 21317  |r 2016-12-01 00:00:00  |w 2016-12-01  |y ARXIU 
999 |c 55153  |d 55153